Eurovision Song Lyrics - San Marino - Statistics

General Stats
  • This quiz has been taken 6 times
  • The average score is 81 of 267
Answer Stats
Answer % Correct
a
100%
I
100%
All
67%
all
67%
(All
67%
È
67%
è
67%
E
67%
is
67%
love
67%
love)
67%
need
67%
strip
67%
stripper
67%
ah
50%
Ah
50%
(Ah
50%
ah)
50%
don't
50%
in
50%
know
50%
Britney
33%
Ha
33%
Il
33%
il
33%
Jesus
33%
Like
33%
Personal
33%
stupida
33%
bad
17%
Barbie
17%
boy
17%
che
17%
Che
17%
club
17%
Cowboy
17%
di
17%
freezer
17%
gonna
17%
killer
17%
Ma
17%
Madonna
17%
me
17%
Playboy
17%
sex
17%
Sono
17%
sono
17%
Ti
17%
toy
17%
virgin
17%
amore
0%
beagle
0%
Birkin
0%
Calling
0%
cavalli
0%
col
0%
corri
0%
corta
0%
cuore
0%
diavolo
0%
donna
0%
(Ehi)
0%
(Ehi
0%
ehi)
0%
fidi
0%
film
0%
fuori
0%
giudicare
0%
guarda
0%
ho
0%
Io
0%
la
0%
letto
0%
London
0%
Metto
0%
mi
0%
mio
0%
Nessuno
0%
Non
0%
più
0%
può
0%
Quella
0%
Questo
0%
seicento
0%
0%
stupido
0%
su
0%
suo
0%
thriller
0%
un
0%
una
0%
uno
0%
uomo
0%
vado
0%
voglia
0%
No matching quizzes found
Score Distribution
Percent of People with Each Score
Percentile by Number Answered
Your Score History
You have not taken this quiz